000 01124nam a2200301 a 4500
001 000109009
003 CHAP
005 20220329144033.0
008 140327s2013 mx | |sm |||||||spa|d
010 _a105471
011 _a106443
040 _cCHAP
090 _aTesis
100 1 _aVelázquez Abrego, Gonzalo
_9126086
245 1 0 _aFlujos de IED en la industria alimentaria:
_h[En línea]
_bConcentración en la rama molienda de granos y semillas oleaginosas 2000-2010 /
_cpor Gonzalo Velázquez Abrego.
260 _aChapingo, Méx. :
_bEl autor,
_c2013.
500 _aPara ver el contenido del material haga clic en la liga
502 _aTesis (Lic. en Economía Agrícola) -- UACH. División de Ciencias Económico Administrativas
590 _aBATCH-UPD
_b05
_c20141002
_lUCH01
_h0859
590 _aE792CSJ
_b05
_c20140327
_lUCH01
_h1428
590 _aE792CSJ
_b05
_c20140327
_lUCH01
_h1428
650 1 4 _aAlimentos
_xIndustria.
_94227
650 1 4 _aInversiones extranjeras.
_960193
856 _aFinding aid
_uhttp://10.13.5.2/tesis/sist109009.pdf
_zTeclea aquí
901 _aBK
942 _cTESIS
942 _n0
999 _c105471
_d105471